Southville International School and Colleges
Your cart is empty.
  • Cart
  • Lists
    Public lists Eva Luna New books Lux_list list_1
    Your lists Log in to create your own lists
  • Log in to your account
  • Your cookies
  • Search history
Southville International School and Colleges
  • Advanced search
  • Recent comments
  • Most popular
  • Libraries

Log in to your account

Log in with GOOGLE


If you do not have an external account, but do have a local account, you can still log in:

  1. Home
  2. MARC view: Financial institutions management :
Normal view MARC view ISBD view

Financial institutions management : (Record no. 357247)

[ view plain ]
MARC details
000 -LEADER
fixed length control field 00815nam a2200265Ia 4500
008 - FIXED-LENGTH DATA ELEMENTS--GENERAL INFORMATION
fixed length control field 180523s9999 xx 000 0 und d
020 ## - INTERNATIONAL STANDARD BOOK NUMBER
International Standard Book Number 0-07-123304-0
050 ## - LIBRARY OF CONGRESS CALL NUMBER
Classification number MAIN HG 181
050 ## - LIBRARY OF CONGRESS CALL NUMBER
Item number .S28 2003
100 ## - MAIN ENTRY--PERSONAL NAME
Personal name Saunders, Anthony.
245 #0 - TITLE STATEMENT
Title Financial institutions management :
245 #2 - TITLE STATEMENT
Remainder of title a risk management approach /
245 #0 - TITLE STATEMENT
Statement of responsibility, etc Anthony Sauders.
250 ## - EDITION STATEMENT
Edition statement 4th Edition
260 ## - PUBLICATION, DISTRIBUTION, ETC. (IMPRINT)
Place of publication, distribution, etc New York :
260 ## - PUBLICATION, DISTRIBUTION, ETC. (IMPRINT)
Name of publisher, distributor, etc McGraw-Hill,
260 ## - PUBLICATION, DISTRIBUTION, ETC. (IMPRINT)
Date of publication, distribution, etc 2003
300 ## - PHYSICAL DESCRIPTION
Extent 778 pages :
300 ## - PHYSICAL DESCRIPTION
Other physical details colored illustrations ;
300 ## - PHYSICAL DESCRIPTION
Dimensions 25 cm.
500 ## - GENERAL NOTE
General note Includes bibliographical references and index.
650 ## - SUBJECT ADDED ENTRY--TOPICAL TERM
Topical term or geographic name as entry element Financial institutions -- United States -- Management.
650 ## - SUBJECT ADDED ENTRY--TOPICAL TERM
Topical term or geographic name as entry element Financial service industry -- United States -- Management.
650 ## - SUBJECT ADDED ENTRY--TOPICAL TERM
General subdivision Rish management -- United States.
Holdings
Withdrawn status Lost status Damaged status Home library Current library Shelving location Date acquired Cost, normal purchase price Total Checkouts Full call number Barcode Date last seen Price effective from Koha item type
      South Mansfield College South Mansfield College   03/07/2005 1.00   MAIN HG 181 .S28 2003 SMC00716 05/23/2018 05/23/2018  

Financial institutions management :

APA

Saunders A., .Financial institutions management. New York: .

Chicago

Saunders Anthony, .Financial institutions management. New York: .

Harvard

Saunders A., .Financial institutions management. New York: .

MLA

Saunders Anthony, .New York: . .

  • Place hold
  • Print
  • Cite
  • Add to your cart (remove)
  • Save record
    BIBTEX Dublin Core MARCXML MARC (non-Unicode/MARC-8) MARC (Unicode/UTF-8) MARC (Unicode/UTF-8, Standard) MODS (XML) RIS
  • More searches
    Search for this title in:
    Other Libraries (WorldCat) Other Databases (Google Scholar) Online Stores (Bookfinder.com) Open Library (openlibrary.org)

Exporting to Dublin Core...

SOUTHVILLE LIBRARY

Southville International School and Colleges Library

1281 Tropical Ave. Cor. Luxembourg St., BF Homes International, Las Pinas City

Tel. No. 8256374 / 252358 Loc. 117/146

Powered by Koha